书目信息 |
| 题名: |
网络经济
|
|
| 作者: | 张小蒂 , 倪云虎 主编 | |
| 分册: | ||
| 出版信息: | 北京 高等教育出版社 2002.08 |
|
| 页数: | 326页 | |
| 开本: | 26cm | |
| 丛书名: | ||
| 单 册: | ||
| 中图分类: | F062.5 | |
| 科图分类: | ||
| 主题词: | 经济学--分支科学 | |
| 电子资源: | ||
| ISBN: | 7-04-010738-4 | |
| 000 | 00595nam0 2200205 45 | |
| 001 | 0233974183 | |
| 005 | 2002121909261410 | |
| 010 | @a7-04-010738-4@dRMB 26.30 | |
| 100 | @a20021219d2002 km y0chiy0120 ea | |
| 101 | 0 | @achi |
| 102 | @aCN@b110000 | |
| 200 | 1 | @a网络经济@Awang luo jing ji@f张小蒂,倪云虎主编@Fzhang xiao di,ni yun hu zhu bian |
| 210 | @a北京@c高等教育出版社@d2002.08 | |
| 215 | @a326页@d26cm | |
| 606 | 0 | @a经济学@x分支科学 |
| 690 | @aF062.5@v3 | |
| 701 | 0 | @a张小蒂@Azhang xiao di@4主编 |
| 701 | 0 | @a倪云虎@Ani yun hu@4主编 |
| 801 | 0 | @aCN@bPFT@c20021219 |
| 905 | @dF062.5@eZ210 | |
| 网络经济/张小蒂,倪云虎主编.-北京:高等教育出版社,2002.08 |
| 326页;26cm |
| ISBN 7-04-010738-4:RMB 26.30 |
| ● |
| 相关链接 |
|
|
|
正题名:网络经济
索取号:F062.5/Z210
 
预约/预借
| 序号 | 登录号 | 条形码 | 馆藏地/架位号 | 状态 | 备注 |
| 1 | 363191 | 203631917 | 社科库409/409社科库 65排2列5层/ [索取号:F062.5/Z210] | 在馆 | |
| 2 | 363192 | 203631926 | 社科库409/409社科库 65排2列5层/ [索取号:F062.5/Z210] | 在馆 |